[Event "Harrogate 4NCL op 24th"]
[Site "Harrogate"]
[Date "2020.01.17"]
[Round "1"]
[White "Whitehead, Mark A"]
[Black "Coop, Brian H"]
[Result "1/2-1/2"]
[WhiteElo "1755"]
[BlackElo "1913"]
[PlyCount "91"]
[EventDate "2020.01.17"]
[EventType "swiss"]
[EventRounds "5"]
[EventCountry "ENG"]
[SourceTitle "CBM 195 Extra"]
[Source "ChessBase"]
[SourceDate "2020.05.31"]
[SourceVersion "1"]
[SourceVersionDate "2020.05.31"]
[SourceQuality "1"]

1. e4 c6 2. d4 d5 3. Nd2 dxe4 4. Nxe4 Nf6 5. Ng3 g6 6. c3 Bg7 7. Bd3 0-0 8. Nf3 Nbd7 9. 0-0 b6 10. Re1 Bb7 11. Bg5 h6 12. Bd2 c5 13. Nh4 cxd4 14. cxd4 Nd5 15. Qg4 N7f6 16. Qe2 Qd7 17. h3 Rac8 18. Rad1 Qd6 19. Bxg6 fxg6 20. Nxg6 Nd7 21. Nxf8 Rxf8 22. Qg4 N5f6 23. Qxg7+ Kxg7 24. Nf5+ Kg6 25. Nxd6 exd6 26. Bb4 Rc8 27. Rc1 Rxc1 28. Rxc1 Ne8 29. Re1 Kf7 30. Bd2 h5 31. Bg5 Ndf6 32. f3 Nd5 33. Bd2 Nef6 34. g4 hxg4 35. hxg4 Bc8 36. Kf2 Bd7 37. Kg3 Kg6 38. a3 a5 39. b4 a4 40. Re2 b5 41. Rh2 Nb6 42. Rh6+ Kg7 43. g5 Ne8 44. Bc3 Nd5 45. Bd2 Nb6 46. Bc3 1/2-1/2

[Event "West Wales op"]
[Site "Swansea"]
[Date "2019.10.12"]
[Round "3"]
[White "Whitehead, Mark A"]
[Black "Hare, Roy T"]
[Result "1/2-1/2"]
[WhiteElo "1847"]
[BlackElo "1672"]
[PlyCount "47"]
[EventDate "2019.10.11"]
[EventType "swiss"]
[EventRounds "5"]
[EventCountry "WLS"]
[SourceTitle "EXT 2022"]
[Source "ChessBase"]
[SourceDate "2021.10.06"]
[SourceVersion "1"]
[SourceVersionDate "2021.10.06"]
[SourceQuality "1"]

1. e4 c5 2. Nc3 e6 3. g3 Nc6 4. Bg2 d6 5. d3 Be7 6. f4 a6 7. Nf3 Nd4 8. Be3 Nxf3+ 9. Bxf3 Rb8 10. 0-0 b6 11. Bf2 Bb7 12. Qe2 Nf6 13. g4 h6 14. Rae1 Nd7 15. Bg3 Bh4 16. Qg2 Bxg3 17. Qxg3 b5 18. a3 Qb6 19. Qf2 0-0 20. Nd1 e5 21. f5 c4 22. dxc4 bxc4 23. Qxb6 Nxb6 24. Nc3 1/2-1/2

[Event "South Wales op 16th"]
[Site "Cardiff"]
[Date "2019.07.11"]
[Round "8"]
[White "Whitehead, Mark A"]
[Black "Wilks, Simon"]
[Result "1/2-1/2"]
[WhiteElo "1887"]
[BlackElo "2065"]
[PlyCount "79"]
[EventDate "2019.07.07"]
[EventType "swiss"]
[EventRounds "9"]
[EventCountry "WLS"]
[SourceTitle "CBM 191 Extra"]
[Source "ChessBase"]
[SourceDate "2019.09.30"]
[SourceVersion "1"]
[SourceVersionDate "2019.09.30"]
[SourceQuality "1"]

1. e4 e6 2. Qe2 c5 3. g3 Nc6 4. c3 Be7 5. f4 d5 6. d3 Nf6 7. Bg2 b6 8. Nh3 Ba6 9. e5 Nd7 10. Nd2 Rc8 11. 0-0 b5 12. a3 Qb6 13. Nf2 b4 14. Qg4 g6 15. c4 h5 16. Qd1 bxa3 17. Rxa3 Nb4 18. Qa4 Bb7 19. Rd1 a6 20. Re1 Bc6 21. Qd1 Qb7 22. h4 Nb6 23. Kh2 Rd8 24. cxd5 Bxd5 25. Bxd5 Qxd5 26. Nde4 Kf8 27. Be3 Kg7 28. Qd2 Rc8 29. Rd1 Rhd8 30. Qc3 Qc6 31. Qb3 N6d5 32. Bd2 c4 33. dxc4 Qxc4 34. Qxc4 Rxc4 35. Bxb4 Rxb4 36. Rxa6 Rxb2 37. Rc1 Rdb8 38. Kh3 R2b3 39. Kh2 Rb2 40. Kh3 1/2-1/2

[Event "South Wales op 16th"]
[Site "Cardiff"]
[Date "2019.07.09"]
[Round "4"]
[White "Whitehead, Mark A"]
[Black "Murphy, Conor"]
[Result "0-1"]
[WhiteElo "1887"]
[BlackElo "2362"]
[PlyCount "62"]
[EventDate "2019.07.07"]
[EventType "swiss"]
[EventRounds "9"]
[EventCountry "WLS"]
[SourceTitle "CBM 191 Extra"]
[Source "ChessBase"]
[SourceDate "2019.09.30"]
[SourceVersion "1"]
[SourceVersionDate "2019.09.30"]
[SourceQuality "1"]

1. e4 c5 2. Nc3 e6 3. g3 d5 4. d3 d4 5. Nce2 g5 6. Nf3 Be7 7. Bg2 Nc6 8. h4 g4 9. Nh2 e5 10. f4 gxf3 11. Nxf3 Nf6 12. c3 c4 13. 0-0 dxc3 14. Nxc3 cxd3 15. Ne1 Rg8 16. Bg5 Rxg5 17. hxg5 Bc5+ 18. Kh1 Ng4 19. Qf3 Be6 20. Bh3 Nd4 21. Qxd3 Qxg5 22. Ng2 Qh6 23. Nh4 Ne3 24. Bxe6 Qxe6 25. Rf5 Ndxf5 26. Qb5+ Qc6 27. Qxc6+ bxc6 28. Nxf5 Rd8 29. Re1 Nxf5 30. exf5 Bd4 31. Nd1 Ke7 0-1

[Event "BCF-chT2a 1819 (4NCL)"]
[Site "England"]
[Date "2018.11.11"]
[Round "2.18"]
[White "Latham, David"]
[Black "Whitehead, Mark A"]
[Result "1/2-1/2"]
[WhiteElo "2066"]
[BlackElo "1960"]
[PlyCount "62"]
[EventDate "2018.11.10"]
[EventType "team-tourn"]
[EventRounds "11"]
[EventCountry "ENG"]
[SourceTitle "EXT 2021"]
[Source "ChessBase"]
[SourceDate "2020.10.23"]
[SourceVersion "1"]
[SourceVersionDate "2020.10.23"]
[SourceQuality "1"]
[WhiteTeam "Spirit of Atticus"]
[BlackTeam "Manchester Manticores"]
[WhiteTeamCountry "ENG"]
[BlackTeamCountry "ENG"]

1. d4 Nf6 2. c4 e6 3. g3 Bb4+ 4. Bd2 Qe7 5. Bg2 Nc6 6. a3 Bxd2+ 7. Qxd2 a5 8. d5 Ne5 9. Qd4 d6 10. Nf3 Nxf3+ 11. Bxf3 e5 12. Qc3 0-0 13. e4 Ne8 14. 0-0 f5 15. Nd2 b6 16. b4 Nf6 17. Rac1 fxe4 18. Nxe4 Nxe4 19. Bxe4 Bf5 20. Bg2 axb4 21. axb4 Rf7 22. Qe3 Raf8 23. c5 bxc5 24. bxc5 Bc8 25. cxd6 cxd6 26. Rc2 Qf6 27. Rfc1 Bf5 28. Rc7 Rxc7 29. Rxc7 Rc8 30. Rxc8+ Bxc8 31. Qc3 Qd8 1/2-1/2

[Event "Telford 4NCL U2050 op"]
[Site "Telford"]
[Date "2018.11.01"]
[Round "2"]
[White "Whitehead, Mark A"]
[Black "Chung, Ethan Cheung Jing"]
[Result "1/2-1/2"]
[WhiteElo "1945"]
[BlackElo "1577"]
[PlyCount "64"]
[EventDate "2018.10.31"]
[EventType "swiss"]
[EventRounds "9"]
[EventCountry "ENG"]
[SourceTitle "CBM 187 Extra"]
[Source "ChessBase"]
[SourceDate "2018.11.04"]
[SourceVersion "1"]
[SourceVersionDate "2018.11.04"]
[SourceQuality "1"]

1. e4 d5 2. Nc3 d4 3. Nce2 e5 4. Nf3 Bd6 5. Ng3 Nc6 6. Bc4 h6 7. a3 Nf6 8. h3 Qe7 9. d3 Bd7 10. Bd2 0-0-0 11. b4 Nb8 12. Qb1 g6 13. Qb3 Rh7 14. b5 c6 15. a4 Re8 16. Rb1 c5 17. a5 Be6 18. Bxe6+ Qxe6 19. Qxe6+ Rxe6 20. c4 Nbd7 21. 0-0 Bc7 22. Rfe1 Ne8 23. h4 Nd6 24. h5 g5 25. Nh2 Nf6 26. f3 Nde8 27. Kf2 Ng7 28. Ng4 Nxg4+ 29. fxg4 Re8 30. Nf5 Nxf5 31. gxf5 Bd8 32. g4 f6 1/2-1/2

[Event "Telford 4NCL U2050 op"]
[Site "Telford"]
[Date "2018.10.31"]
[Round "1"]
[White "Wilson, Matthew R"]
[Black "Whitehead, Mark A"]
[Result "1/2-1/2"]
[WhiteElo "1820"]
[BlackElo "1945"]
[PlyCount "54"]
[EventDate "2018.10.31"]
[EventType "swiss"]
[EventRounds "9"]
[EventCountry "ENG"]
[SourceTitle "CBM 187 Extra"]
[Source "ChessBase"]
[SourceDate "2018.11.04"]
[SourceVersion "1"]
[SourceVersionDate "2018.11.04"]
[SourceQuality "1"]

1. Nf3 Nf6 2. b3 d6 3. Bb2 e5 4. e3 c6 5. c4 Bg4 6. h3 Bh5 7. Be2 Nbd7 8. d3 Be7 9. Nc3 0-0 10. g4 Bg6 11. g5 Ne8 12. h4 f6 13. h5 Bf5 14. e4 Be6 15. g6 h6 16. Nh4 f5 17. Nxf5 Bxf5 18. exf5 Rxf5 19. Bg4 Rf8 20. Be6+ Kh8 21. Qg4 Nc5 22. 0-0-0 Bg5+ 23. Kb1 Rf4 24. Qh3 Rh4 25. Qf5 Rf4 26. Qh3 Rh4 27. Qf5 Rf4 1/2-1/2

[Event "Nottingham 4NCL Major op"]
[Site "Nottingham"]
[Date "2018.09.30"]
[Round "4"]
[White "Whitehead, Mark A"]
[Black "Bagley, Andy J"]
[Result "1/2-1/2"]
[WhiteElo "1945"]
[BlackElo "1829"]
[PlyCount "69"]
[EventDate "2018.09.28"]
[EventType "swiss"]
[EventRounds "5"]
[EventCountry "ENG"]
[SourceTitle "CBM 187 Extra"]
[Source "ChessBase"]
[SourceDate "2018.11.04"]
[SourceVersion "1"]
[SourceVersionDate "2018.11.04"]
[SourceQuality "1"]

1. e4 e6 2. Qe2 Be7 3. b3 d5 4. Bb2 Nf6 5. e5 Nfd7 6. g3 c5 7. Bg2 Nc6 8. c3 Ndxe5 9. f4 Ng6 10. h4 Bd7 11. h5 Nf8 12. Nh3 h6 13. Na3 a6 14. Nc2 Qa5 15. 0-0 0-0-0 16. Kh2 Nh7 17. b4 cxb4 18. cxb4 Nxb4 19. Nxb4 Bxb4 20. Bxg7 Rhg8 21. Bxh6 Bxd2 22. Rfd1 Bb4 23. Qc2+ Bc6 24. Qxh7 Bc3 25. Rac1 Rh8 26. Qd3 Rxh6 27. Qxc3 Qxc3 28. Rxc3 Rxh5 29. g4 Rh4 30. Kg3 Rh7 31. Rd4 f6 32. Re3 Re8 33. Bxd5 exd5 34. Rxe8+ Bxe8 35. Rxd5 1/2-1/2

[Event "Nottingham 4NCL Major op"]
[Site "Nottingham"]
[Date "2018.09.29"]
[Round "3"]
[White "Di Vetta, Andrew"]
[Black "Whitehead, Mark A"]
[Result "1/2-1/2"]
[WhiteElo "1681"]
[BlackElo "1945"]
[PlyCount "82"]
[EventDate "2018.09.28"]
[EventType "swiss"]
[EventRounds "5"]
[EventCountry "ENG"]
[SourceTitle "CBM 187 Extra"]
[Source "ChessBase"]
[SourceDate "2018.11.04"]
[SourceVersion "1"]
[SourceVersionDate "2018.11.04"]
[SourceQuality "1"]

1. e4 c5 2. Nf3 e6 3. c4 Nc6 4. Nc3 a6 5. d3 d6 6. g3 g6 7. Bg2 Bg7 8. 0-0 Nge7 9. Nh4 0-0 10. f4 Nd4 11. Nf3 Nec6 12. Ne2 b5 13. Nexd4 Nxd4 14. e5 Rb8 15. Re1 Qc7 16. Nxd4 cxd4 17. exd6 Qxd6 18. b3 Bb7 19. Qe2 Rfd8 20. Bxb7 Rxb7 21. Qe4 Qd7 22. Ba3 b4 23. Bb2 Qc8 24. Re2 Rb8 25. Rae1 Qc5 26. Bc1 a5 27. Qg2 h5 28. h3 Rbc8 29. g4 Kf8 30. Qe4 hxg4 31. hxg4 Qc6 32. g5 Qxe4 33. Rxe4 Ke7 34. Kg2 Kd6 35. Rh1 Rh8 36. Ree1 Rxh1 37. Rxh1 Rh8 38. Rxh8 Bxh8 39. Kf3 Kc5 40. a3 Bg7 41. Ke4 Bh8 1/2-1/2

[Event "Nottingham 4NCL Major op"]
[Site "Nottingham"]
[Date "2018.09.29"]
[Round "2"]
[White "Whitehead, Mark A"]
[Black "Price, Andrew"]
[Result "1/2-1/2"]
[WhiteElo "1945"]
[BlackElo "1765"]
[PlyCount "61"]
[EventDate "2018.09.28"]
[EventType "swiss"]
[EventRounds "5"]
[EventCountry "ENG"]
[SourceTitle "CBM 187 Extra"]
[Source "ChessBase"]
[SourceDate "2018.11.04"]
[SourceVersion "1"]
[SourceVersionDate "2018.11.04"]
[SourceQuality "1"]

1. e4 e6 2. Qe2 c5 3. g3 Nc6 4. c3 g6 5. Bg2 Bg7 6. d3 Nge7 7. Nh3 0-0 8. 0-0 Qc7 9. Be3 b6 10. f4 Bb7 11. Na3 Rad8 12. Bf2 d6 13. Nc2 Qc8 14. Rac1 a5 15. Rfd1 Qa8 16. Ng5 Rfe8 17. Nf3 e5 18. fxe5 Nxe5 19. Nxe5 Bxe5 20. Ne3 Bg7 21. Qc2 a4 22. Re1 b5 23. Rcd1 Rc8 24. Bh3 Rcd8 25. Bg2 a3 26. b3 Qa5 27. Rc1 Rc8 28. Bh3 Rcd8 29. Bg2 Rc8 30. Bh3 Rcd8 31. Bg2 1/2-1/2

[Event "Midland-ch"]
[Site "Telford"]
[Date "2018.08.12"]
[Round "4"]
[White "Whitehead, Mark A"]
[Black "Simpson, Derek"]
[Result "1-0"]
[WhiteElo "1908"]
[BlackElo "1659"]
[PlyCount "73"]
[EventDate "2018.08.10"]
[EventType "swiss"]
[EventRounds "5"]
[EventCountry "ENG"]
[SourceTitle "EXT 2019"]
[Source "ChessBase"]
[SourceDate "2018.10.10"]
[SourceVersion "1"]
[SourceVersionDate "2018.10.10"]
[SourceQuality "1"]

1. e4 e6 2. Qe2 c5 3. g3 Nc6 4. c3 d6 5. Bg2 g6 6. Nh3 Bg7 7. 0-0 Nge7 8. d3 0-0 9. f4 Re8 10. Nd2 Rb8 11. Nf3 Qc7 12. Nh4 Bd7 13. Be3 Rbc8 14. Rac1 Qb8 15. Rf2 b5 16. Rcf1 f5 17. g4 b4 18. Bd2 a5 19. gxf5 exf5 20. exf5 Nxf5 21. Bd5+ Kh8 22. Qg4 Be6 23. Bxe6 Rxe6 24. Ng5 Rf6 25. Ne4 Nxh4 26. Qxh4 Rf5 27. Ng5 h6 28. Rg2 Ne7 29. Ne6 Re8 30. Re1 Rh5 31. Qxh5 gxh5 32. Nxg7 Rg8 33. Rxe7 Qd8 34. Rf7 Qc8 35. f5 Qc6 36. Rg6 Kh7 37. Rxh6# 1-0

[Event "GBR-ch Major 105th"]
[Site "Hull"]
[Date "2018.08.05"]
[Round "9"]
[White "Whitehead, Mark A"]
[Black "Boswell, Jacob Connor"]
[Result "1/2-1/2"]
[WhiteElo "1906"]
[BlackElo "1992"]
[PlyCount "55"]
[EventDate "2018.07.28"]
[EventType "swiss"]
[EventRounds "9"]
[EventCountry "ENG"]
[SourceTitle "EXT 2019"]
[Source "ChessBase"]
[SourceDate "2018.10.10"]
[SourceVersion "1"]
[SourceVersionDate "2018.10.10"]
[SourceQuality "1"]

1. e4 e5 2. Nf3 Nc6 3. Bb5 a6 4. Ba4 Nf6 5. 0-0 Be7 6. Re1 b5 7. Bb3 0-0 8. a4 Bb7 9. d3 d6 10. c3 Na5 11. Bc2 c5 12. Nbd2 Bc8 13. axb5 Bg4 14. bxa6 Bxf3 15. Nxf3 Qb6 16. Bd2 Rxa6 17. b4 Nc6 18. bxc5 dxc5 19. Rxa6 Qxa6 20. Ba4 Nd7 21. c4 Ra8 22. Bb5 Qb7 23. Bc3 f6 24. Nh4 Bf8 25. Qg4 Kf7 26. Qh5+ Kg8 27. Qg4 Kf7 28. Qh5+ 1/2-1/2

[Event "GBR-ch Major 105th"]
[Site "Hull"]
[Date "2018.08.02"]
[Round "6"]
[White "Whitehead, Mark A"]
[Black "Stoyanov, Viktor"]
[Result "0-1"]
[WhiteElo "1906"]
[BlackElo "2177"]
[PlyCount "62"]
[EventDate "2018.07.28"]
[EventType "swiss"]
[EventRounds "9"]
[EventCountry "ENG"]
[SourceTitle "CBM 185 Extra"]
[Source "ChessBase"]
[SourceDate "2018.07.29"]
[SourceVersion "1"]
[SourceVersionDate "2018.07.29"]
[SourceQuality "1"]

1. e4 c5 2. Nc3 e6 3. g3 d5 4. d3 d4 5. Nce2 b6 6. Bg2 Bb7 7. Nh3 h5 8. f3 Nc6 9. Bg5 Be7 10. Bxe7 Ngxe7 11. Qd2 Qd7 12. a3 0-0-0 13. Ng5 Ng6 14. Bh3 Rde8 15. f4 Nf8 16. f5 Ne5 17. 0-0 Kb8 18. Qf4 Qc7 19. fxe6 fxe6 20. Qd2 Rh6 21. Nf4 Qe7 22. Ng2 Nfd7 23. Nh4 Rf8 24. Rxf8+ Nxf8 25. Rf1 Rf6 26. Rf4 Bc8 27. Qe2 Rxf4 28. gxf4 Neg6 29. Nxg6 Nxg6 30. Qxh5 Nxf4 31. Qg4 Qxg5 0-1

[Event "GBR-ch Major 105th"]
[Site "Hull"]
[Date "2018.08.01"]
[Round "5"]
[White "Jones, Steven"]
[Black "Whitehead, Mark A"]
[Result "0-1"]
[WhiteElo "2203"]
[BlackElo "1906"]
[PlyCount "88"]
[EventDate "2018.07.28"]
[EventType "swiss"]
[EventRounds "9"]
[EventCountry "ENG"]
[SourceTitle "CBM 185 Extra"]
[Source "ChessBase"]
[SourceDate "2018.07.29"]
[SourceVersion "1"]
[SourceVersionDate "2018.07.29"]
[SourceQuality "1"]

1. e4 c5 2. Nf3 e6 3. d4 cxd4 4. Nxd4 a6 5. Nc3 Qc7 6. Bd3 Bc5 7. Nb3 Be7 8. f4 d6 9. Qe2 Nd7 10. Bd2 Ngf6 11. g4 Nc5 12. g5 Nfd7 13. Nxc5 Nxc5 14. h4 b5 15. b4 Nxd3+ 16. cxd3 Bb7 17. Rc1 Rc8 18. 0-0 Qd7 19. f5 e5 20. Qf3 Bd8 21. Be3 f6 22. Rf2 a5 23. gxf6 Bxf6 24. bxa5 b4 25. Qh5+ Ke7 26. a6 Rxc3 27. axb7 Qxb7 28. Rd1 Qb5 29. Rfd2 Qe8 30. Qg4 Qf7 31. Rb2 b3 32. axb3 Rxb3 33. Rc2 Rd8 34. Bg5 Kf8 35. Bxf6 gxf6 36. d4 exd4 37. Rxd4 Qa7 38. Rcd2 Rb4 39. Qd1 Rdb8 40. Kh2 Rxd4 41. Rxd4 Rb2+ 42. Kh3 Qa2 43. Kg4 Rg2+ 44. Kh5 Qf7+ 0-1

[Event "GBR-ch Major 105th"]
[Site "Hull"]
[Date "2018.07.31"]
[Round "4"]
[White "Ogunshola, Ben"]
[Black "Whitehead, Mark A"]
[Result "1-0"]
[WhiteElo "2143"]
[BlackElo "1906"]
[PlyCount "91"]
[EventDate "2018.07.28"]
[EventType "swiss"]
[EventRounds "9"]
[EventCountry "ENG"]
[SourceTitle "CBM 185 Extra"]
[Source "ChessBase"]
[SourceDate "2018.07.29"]
[SourceVersion "1"]
[SourceVersionDate "2018.07.29"]
[SourceQuality "1"]

1. c4 e5 2. Nc3 Nc6 3. g3 g6 4. Bg2 Bg7 5. d3 d6 6. Rb1 a5 7. a3 f5 8. b4 axb4 9. axb4 Nf6 10. b5 Nd4 11. e3 Ne6 12. Nge2 0-0 13. 0-0 Rb8 14. Qc2 Bd7 15. Nd5 Nh5 16. Bd2 Kh8 17. Kh1 c6 18. bxc6 bxc6 19. Rxb8 Qxb8 20. Rb1 Qd8 21. Nb6 Be8 22. f4 exf4 23. Nxf4 Nexf4 24. exf4 Nf6 25. h3 c5 26. Kh2 Bf7 27. Bc3 h6 28. Qb2 Ne8 29. Nd5 Bxd5 30. Bxd5 Bxc3 31. Qxc3+ Qf6 32. Qa5 Ng7 33. Qc7 g5 34. Rb6 Ne8 35. fxg5 hxg5 36. Qd7 f4 37. Qg4 fxg3+ 38. Qxg3 Qf4 39. Qxf4 gxf4 40. Rb8 Kg7 41. Kg2 Nf6 42. Rxf8 Kxf8 43. Kf3 Kg7 44. Kxf4 Ne8 45. Kf5 Nc7 46. h4 1-0

[Event "South Wales op 15th"]
[Site "Cardiff"]
[Date "2018.07.09"]
[Round "4"]
[White "Blackburn, Jonathan LB"]
[Black "Whitehead, Mark A"]
[Result "1-0"]
[WhiteElo "2200"]
[BlackElo "1906"]
[PlyCount "115"]
[EventDate "2018.07.07"]
[EventType "swiss"]
[EventRounds "9"]
[EventCountry "WLS"]
[SourceTitle "EXT 2019"]
[Source "ChessBase"]
[SourceDate "2018.10.10"]
[SourceVersion "1"]
[SourceVersionDate "2018.10.10"]
[SourceQuality "1"]

1. d4 Nf6 2. c4 e6 3. Nc3 Bb4 4. e3 b6 5. Nge2 Bb7 6. a3 Be7 7. d5 0-0 8. Ng3 d6 9. Be2 Re8 10. 0-0 Nbd7 11. e4 e5 12. b4 a5 13. Rb1 axb4 14. axb4 Ba6 15. Qc2 Bf8 16. Nf5 h6 17. Bd2 Kh7 18. Rb3 g6 19. Ne3 Bg7 20. Ra3 Bb7 21. Rfa1 Rxa3 22. Rxa3 Qe7 23. Ra7 Rb8 24. Bd3 Ne8 25. Nb5 Qd8 26. g3 Bf8 27. h4 Ndf6 28. f3 Bc8 29. Qa2 Bd7 30. Nc3 Nh5 31. Nf1 Bh3 32. Be1 Be7 33. Ne3 Bd7 34. Bf1 Neg7 35. Nb5 Ne8 36. Kh2 Qc8 37. Ra3 Bxb5 38. cxb5 Qd7 39. Qc4 Bd8 40. Ng4 Nhf6 41. Nf2 Ng7 42. Bh3 Qe7 43. Bd2 Ng8 44. Nd3 f5 45. h5 Nxh5 46. exf5 g5 47. f6 Ngxf6 48. Nf2 Ng7 49. f4 exf4 50. gxf4 g4 51. Qd3+ Kg8 52. Nxg4 Nxg4+ 53. Bxg4 Qh4+ 54. Bh3 Qf2+ 55. Kh1 Bf6 56. Qg6 Qxd2 57. Be6+ Kh8 58. Qxh6# 1-0

[Event "South Wales op 15th"]
[Site "Cardiff"]
[Date "2018.07.07"]
[Round "1"]
[White "Whitehead, Mark A"]
[Black "Ivekovic, Bozidar1111"]
[Result "0-1"]
[WhiteElo "1906"]
[BlackElo "2338"]
[PlyCount "94"]
[EventDate "2018.07.07"]
[EventType "swiss"]
[EventRounds "9"]
[EventCountry "WLS"]
[SourceTitle "EXT 2019"]
[Source "ChessBase"]
[SourceDate "2018.10.10"]
[SourceVersion "1"]
[SourceVersionDate "2018.10.10"]
[SourceQuality "1"]

1. e4 c5 2. Nc3 e6 3. g3 a6 4. Bg2 b5 5. d3 Bb7 6. Nh3 Nc6 7. 0-0 Nge7 8. Be3 d6 9. f4 Nd4 10. Ne2 Nec6 11. c3 Nxe2+ 12. Qxe2 Be7 13. Rae1 Qd7 14. f5 e5 15. Qh5 a5 16. Ng5 Bxg5 17. Bxg5 h6 18. Bh3 Qc7 19. Be3 Ba6 20. Qg4 f6 21. Qh5+ Qf7 22. Bg4 Qxh5 23. Bxh5+ Ke7 24. Rf2 b4 25. c4 Bc8 26. Kg2 Bd7 27. h4 a4 28. Ree2 Na5 29. Kf1 Rhb8 30. Ke1 Ra7 31. Kd1 Rba8 32. Bc1 a3 33. bxa3 bxa3 34. Bxa3 Nc6 35. Bb2 Nb4 36. Kd2 Rxa2 37. Ke3 Ba4 38. Bc3 Ra3 39. Bxb4 cxb4 40. Rb2 Rb8 41. Rfd2 Kd7 42. Bd1 Kc6 43. Bxa4+ Rxa4 44. d4 Ra3+ 45. Rd3 exd4+ 46. Kxd4 Rxd3+ 47. Kxd3 Kc5 0-1